000 00380nam a2200157Ia 4500
008 221030s9999 xx 000 0 und d
020 _a0195125843
041 _aEnglish
082 _a105.23
_bMar
100 _aK. Martin
245 0 _aDigital Integrated Circuit Design
260 _bOxford Unviersity Press
_aNew York
_c2002
300 _a543
650 _aCOMPUTERS
942 _cBK
999 _c199
_d199